Gaming Quiz

Random Gaming Quiz

Fable 2 weapons Quiz Stats

 Plays Quiz not verified by Sporcle

Also try: Games by T-Shirt
Challenge
Share
Tweet
Embed
Score 0/20 Timer 08:00
0 Plays Today
fable is % Correct
MeleeLongsword
77%
MeleeHammer
75.2%
MeleeKatana
71.3%
MeleeAxe
68.3%
RangedClockwork pistol
60%
RangedClockwork rifle
57.4%
MeleeMace
57%
RangedFlintlock pistol
55.2%
MeleeCleaver
53.9%
RangedFlintlock rifle
51.3%
fable is % Correct
RangedBlunderbus
50.9%
MeleeCutlass
45.2%
RangedTurret rifle
44.8%
RangedTurret pistol
44.3%
RangedLight crossbow
35.7%
RangedHeavy crossbow
35.7%
RangedRepeater crossbow
33%
Special meleeWooden sword
13.5%
Special RangedToy gun
13%
Specail RangedToy bow
8.7%

You're not logged in!

Compare scores with friends on all Sporcle quizzes.
Join for Free
OR
Log In

You Might Also Like...

Show Comments

Extras

Created Nov 12, 2009ReportFavoriteNominate
Tags:fable, weapons

Top Quizzes Today


Score Distribution

Your Account Isn't Verified!

In order to create a playlist on Sporcle, you need to verify the email address you used during registration. Go to your Sporcle Settings to finish the process.

Report this User

Report this user for behavior that violates our Community Guidelines.

Details: